| 000 | 005440000a22001930004500 | ||
|---|---|---|---|
| 003 | LK-CoMWRAF | ||
| 005 | 20231102145459.0 | ||
| 008 | 230817t2001 ||||| |||| 00| 0 eng d | ||
| 020 | _a0333801628 | ||
| 040 |
_aLK-CoMWRAF _dLK-CoMWRAF _eLK-CoMWRAF |
||
| 041 | _aeng | ||
| 082 |
_a324.63 _bFAR |
||
| 100 | _aFarrell, David M. | ||
| 245 |
_aElectoral Systems: _ba comparative introduction |
||
| 260 |
_aNew York: _bPalgrave, _c2001 |
||
| 300 |
_axiii, 279 p. : ill. ; 22 cm _bBibliography and index included |
||
| 650 | _aELECTIONS | ||
| 942 | _cBK | ||
| 999 |
_c365 _d365 |
||